Ultimate Football Quiz - Statistics

General Stats
  • This quiz has been taken 48 times
  • The average score is 11 of 15
Answer Stats
Hint Answer % Correct
How many ballon d'ors has Ronaldo won? 5
95%
Most expensive Player ever. Neymar
95%
This player has scored the most career goals. Ronaldo
95%
Which country lost 7-1 in the Semi Final of the 2014 WC? Brazil
90%
Which team won the Copa America 2016? Chile
90%
How old is goalkeeper Buffon? 43
88%
This team won the Premier League in 2015. Chelsea
88%
Name the player with the most free kick goals. Messi
88%
Who celebrates goals with the three kisses? Suarez
68%
This Spain legend left his club in 2018. Iniesta
65%
Which club is also know as the magpies? Newcastle
60%
Who scored the goal of the 2018 World Cup Russia? Pavard
58%
Who was the euro 2020 player of the tournament? Donnarumma
55%
This player is a master archer. He plays in the premier and has a unique celebration. Cavani
33%
Goal of the euro 2020 winner? Schick
28%
No matching quizzes found
Score Distribution
Percent of People with Each Score
Percentile by Number Answered
Your Score History
You have not taken this quiz